000 00629nam a2200193Ii 4500
003 JO-AjNU
008 230605s9999||||xx |||||||||||||| ||und||
040 _aJO-AjNU
_bara
_erda
_cJO-AjNU
041 _aara
050 1 4 _aQA551.B4388 1986
100 3 _aبحبوح ، محي الدين,
_eauthor
_915412
245 0 0 _aالهندسة التحليلية
264 3 1 _aدمشق:مطبعة خالد بن الوليد ، 1986
300 _a360ص
336 _atext
_btxt
_2rdacontent
337 _aunmediated
_bn
_2rdamedia
338 _avolume
_bnc
_2rdacarrier
650 4 _aالهندسة التحليلية -رياضيات
_915413
999 _aA4347
_c7915
_d7915